Statistics for Nerf Elite 2.0 Blasters

Click here to take the quiz!

General Stats

  • This quiz has been taken 25 times
    (14 since last reset)
  • The average score is 4 of 19

Answer Stats

Name% Correct
Commander RD-6
71%
Echo CS-10
71%
Phoenix CS-6
57%
Motoblitz CS-10
29%
Turbine CS-18
29%
Volt SD-1
29%
Warden DB-8
29%
Ace SD-1
14%
Eaglepoint RD-8
14%
Prospect QD-4
14%
Ranger PD-5
14%
Shockwave RD-15
14%
Flipshots Flip-16
0%
Flipshots Flip-32
0%
Flipshots Flip-8
0%
Operator DB-2
0%
Spectre REV-5
0%
Tetrad QS-4
0%
Trio TD-3
0%

Score Distribution

Percentile by Number Answered

Percent of People with Each Score

Your Score History

You have not taken this quiz since the last reset